Les numéros du canadiens de Montréal - Statistiques

Statistiques générales
  • Ce quiz a été pris 279 fois
    275 depuis la dernière actualisation
  • Le résultat moyen est 4 sur 5
Statistiques - réponses
Question Réponse % Correct
Qui est le numéro 14 Nick Suzuki
98%
Qui est le numéro 20 Juraj Slavkovsky
93%
Qui est le numéro 22 Cole Caufield
85%
Qui est le numéro 91 Sean Monahan
64%
Qui est le numéro 6 Kris Wideman
20%
Aucun quiz correspondant
Distribution des résultats
% des personnes avec chaque résultat
Percentile par nombre de réponses
Votre historique - résultats
Vous n’avez pas pris ce quiz depuis la dernière actualisation